INTRODUCTION TO FINANCIAL MANAGEMENT (Record no. 126608)

MARC details
000 -LEADER
fixed length control field 00344pam a2200133 a 4500
020 ## - INTERNATIONAL STANDARD BOOK NUMBER
Terms of availability
041 ## - LANGUAGE CODE
Language code of original
082 ## - DEWEY DECIMAL CLASSIFICATION NUMBER
Classification number 658.152
Item number SOL/PRI
100 ## - MAIN ENTRY--PERSONAL NAME
Personal name SOLOMON E.,PRINGLE J.J.,
245 ## - TITLE STATEMENT
Title INTRODUCTION TO FINANCIAL MANAGEMENT
Medium Textual Documents
260 ## - PUBLICATION, DISTRIBUTION, ETC.
Place of publication, distribution, etc. NEW DELHI
Name of publisher, distributor, etc. PRENTICE HALL OF INDIA PVT LTD
Date of publication, distribution, etc. 1977
300 ## - PHYSICAL DESCRIPTION
Extent X+614
930 ## - EQUIVALENCE OR CROSS-REFERENCE-UNIFORM TITLE HEADING [LOCAL, CANADA]
Uniform title 7145
Holdings
Withdrawn status Lost status Damaged status Not for loan Collection Home library Current library Date acquired Total Checkouts Full call number Barcode Date last seen Copy number Price effective from Koha item type
          Institute of Management & Entrepreneurship Development, Pune Institute of Management & Entrepreneurship Development, Pune 18/04/2011   658.152 SOL/PRI IMP-IM-5277 01/03/2023 1 01/03/2023 Book